Introducción a la teoría general de sistemas

Kaydedildi:
Detaylı Bibliyografya
Yazar: Johansen Bertoglio, Oscar (Yazar)
Materyal Türü: Kitap
Dil:İspanyolca
Baskı/Yayın Bilgisi: Ciudad de México, Mexico. Limusa, 2005
Konular:
Online Erişim:Disponible Online
Etiketler: Etiketle
Etiket eklenmemiş, İlk siz ekleyin!

MARC

LEADER 00000nam a2200000 a 4500
001 UCJ1496
003 CL-VaPUC
005 20240812105438.0
008 061020e20050000MX |||||||||||||||||spa|d
999 |c 318078  |d 318076 
020 |a 968181567X 
040 |c Pontificia Universidad Católica de Valparaíso 
082 0 4 |a 003 JOH 2005  |2 21 
100 0 |a Johansen Bertoglio, Oscar   |e author  |9 502187 
245 1 0 |a Introducción a la teoría general de sistemas 
260 |a Ciudad de México, Mexico.  |b Limusa,   |c 2005 
300 |a 167 páginas  
583 |a last modification  |c 20061020 00:00:00  |k Rodrigo Vera 
650 0 |a Teoría de sistemas   |9 260059  |x Análisis de sistemas  
650 0 |a Teoría de sistemas  |x Cibernética   |9 270269 
650 0 |a Teoría de sistemas  |x Sinergia   |2 CL-VaPUC  |9 432082 
856 |u http://bibliografiadigital.pucv.cl.pucv.idm.oclc.org/index.php/bibliotecapucv/catalog/book/853  |y Disponible Online  
942 |c BK  |2 ddc 
945 |d 20061020 00:00:00  |a jtorresc 
952 |0 0  |1 0  |2 ddc  |4 0  |6 003_000000000000000_JOH_2005  |7 0  |8 A  |9 395305  |a BIBING  |b BIBING  |c RES  |d 2019-11-22  |i 4279239  |l 1  |o 003 JOH 2005  |p 4279239  |r 2025-01-20  |s 2023-05-15  |w 2019-11-22  |y BK  |k CCI 
952 |0 0  |1 0  |4 0  |6 003_000000000000000_JOH_2005  |7 0  |8 A  |9 395306  |a BIBAGR  |b BIBAGR  |d 2019-11-22  |i 4335554  |o 003 JOH 2005  |p 4335554  |r 2025-01-20  |w 2019-11-22  |y BK  |k AGR 
952 |0 0  |1 0  |4 0  |6 003_000000000000000_JOH_2005  |7 0  |8 A  |9 395307  |a BIBAGR  |b BIBAGR  |d 2019-11-22  |i 4335562  |o 003 JOH 2005  |p 4335562  |r 2025-01-20  |w 2019-11-22  |y BK  |k AGR 
952 |0 0  |1 0  |4 0  |6 003_000000000000000_JOH_2005  |7 0  |8 A  |9 395308  |a BIBAGR  |b BIBAGR  |d 2019-11-22  |i 4335570  |o 003 JOH 2005  |p 4335570  |r 2025-01-20  |w 2019-11-22  |y BK  |k AGR 
952 |0 0  |1 0  |4 0  |6 003_000000000000000_JOH_2005  |7 0  |8 A  |9 395309  |a BIBAGR  |b BIBAGR  |d 2019-11-22  |i 4335589  |o 003 JOH 2005  |p 4335589  |r 2025-01-20  |w 2019-11-22  |y BK  |k AGR 
952 |0 0  |1 0  |4 0  |6 003_000000000000000_JOH_2005  |7 0  |8 A  |9 395310  |a BIBAGR  |b BIBAGR  |d 2019-11-22  |i 4335597  |o 003 JOH 2005  |p 4335597  |r 2025-01-20  |w 2019-11-22  |y BK  |k AGR 
952 |0 0  |1 0  |4 0  |6 003_000000000000000_JOH_2005  |7 0  |8 A  |9 395311  |a BIBAGR  |b BIBAGR  |d 2019-11-22  |i 4335600  |o 003 JOH 2005  |p 4335600  |r 2025-01-20  |w 2019-11-22  |y BK  |k AGR 
952 |0 0  |1 0  |4 0  |6 003_000000000000000_JOH_2005  |7 0  |8 A  |9 395312  |a BIBAGR  |b BIBAGR  |d 2019-11-22  |i 4335619  |o 003 JOH 2005  |p 4335619  |r 2025-01-20  |w 2019-11-22  |y BK  |k AGR 
952 |0 0  |1 0  |4 0  |6 003_000000000000000_JOH_2005  |7 0  |8 A  |9 395313  |a BIBAGR  |b BIBAGR  |d 2019-11-22  |i 4335627  |l 1  |o 003 JOH 2005  |p 4335627  |r 2025-01-20  |s 2020-03-11  |w 2019-11-22  |y BK  |k AGR 
952 |0 0  |1 0  |4 0  |6 003_000000000000000_JOH_2005  |7 0  |8 A  |9 395314  |a BIBAGR  |b BIBAGR  |d 2019-11-22  |i 4335635  |o 003 JOH 2005  |p 4335635  |r 2025-01-20  |w 2019-11-22  |y BK  |k AGR 
952 |0 0  |1 0  |4 0  |6 003_000000000000000_JOH_2005  |7 0  |8 A  |9 395315  |a BIBAGR  |b BIBAGR  |d 2019-11-22  |i 4335643  |o 003 JOH 2005  |p 4335643  |r 2025-01-20  |w 2019-11-22  |y BK  |k AGR 
952 |0 0  |1 0  |4 0  |6 003_000000000000000_JOH_2005  |7 0  |8 A  |9 395316  |a BIBAGR  |b BIBAGR  |d 2019-11-22  |i 4335651  |o 003 JOH 2005  |p 4335651  |r 2025-01-20  |w 2019-11-22  |y BK  |k AGR 
952 |0 0  |1 0  |4 0  |6 003_000000000000000_JOH_2005  |7 0  |8 A  |9 395317  |a BIBAGR  |b BIBAGR  |d 2019-11-22  |i 433566K  |o 003 JOH 2005  |p 433566K  |r 2025-01-20  |w 2019-11-22  |y BK  |k AGR 
952 |0 0  |1 0  |4 0  |6 003_000000000000000_JOH_2005  |7 0  |8 A  |9 395318  |a BIBAGR  |b BIBAGR  |d 2019-11-22  |i 4335678  |o 003 JOH 2005  |p 4335678  |r 2025-01-20  |w 2019-11-22  |y BK  |k AGR 
952 |0 0  |1 0  |4 0  |6 003_000000000000000_JOH_2005  |7 0  |8 A  |9 395319  |a BIBAGR  |b BIBAGR  |d 2019-11-22  |i 4335686  |o 003 JOH 2005  |p 4335686  |r 2025-01-20  |w 2019-11-22  |y BK  |k AGR 
952 |0 0  |1 0  |4 0  |6 003_000000000000000_JOH_2005  |7 0  |8 A  |9 395320  |a BIBAGR  |b BIBAGR  |d 2019-11-22  |i 4335694  |o 003 JOH 2005  |p 4335694  |r 2025-01-20  |w 2019-11-22  |y BK  |k AGR